000 00763nam a22002777a 4500
001 BR7400317
003 BR-BrBNA
005 20230928084508.0
007 ta
008 230509b bl.||||| |||| 00| 0 por d
040 _aBR-BrBNA
_bpor
_cBiblioteca Nacional de Agricultura
041 _a(Por)
072 _aE70
_b2120
090 _ 2120 BR7400317
100 1 _aFranco, F. de B.
100 1 _aNogueira, T.
100 1 _aPinto, M.R.
110 1 _aConselho Nacional do Cafe, Rio de Janeiro, GB (Brasil)
_92708
245 1 _aDefesa do cafe. Recomendacoes aos lavradores
260 3 _aRio de Janeiro, GB (Brasil):
_c1931.
300 _a21 p.
650 _aCAFE
650 _aCONTROLE DE QUALIDADE
909 _a202309
_bLucia
_c55
_dLucia Elande
942 _cBK
999 _c19350
_d19350